Statystyki dla Najbardziej niekulturalne miasta w Polsce

Kliknij tutaj aby rozwiązać quiz!

Ogólne statystyki

  • Ten quiz został rozwiązany 69 razy
  • Średni wynik to 7 z 10

Statystyki odpowiedzi

MiejsceMiastoŚredni wskaźnik
nieuprzejmości
% Poprawnych
3Warszawa5.55
93%
5Kraków5.46
86%
1Łódź5.70
86%
6Radom5.44
76%
2Lublin5.63
68%
9Toruń5.35
64%
8Kielce5.41
63%
10Olsztyn5.34
51%
4Częstochowa5.53
44%
7Gliwice5.43
34%

Rozkład punktacji

Percentyl według liczby udzielonych odpowiedzi

Procent ludzi z każdym wynikiem

Twoja historia wyników

Nie rozwiązałeś tego quizu